000 00427nam a22001817a 4500
003 MPLRDC
005 20220104114407.0
008 210129b ||||| |||| 00| 0 eng d
020 _a962-660-002-0
082 _a857.621 YWM v.2
100 _a宇无名著
245 _a星际烈火
_c
260 _a
_b艺林林版有限公司
_c1995
300 _b
490 _a科幻小说
650 _a
942 _cBK
_o857.621 YWM v.2
999 _c7131
_d7121